| 000 | 01634cam a2200265 4500 | ||
|---|---|---|---|
| 001 | ABS66916 | ||
| 008 | 111219e2003 000 0 eng u | ||
| 035 | _a(Sirsi) u123006 | ||
| 100 | _aYarwood, J. | ||
| 245 | _aStruggle to earn public trust | ||
| 260 | _c2003 | ||
| 490 |
_aPlanning (for the Natural and Built Environment) _v(1525) 27 June 2003, 16(1) |
||
| 520 | _aQuestions why government and industry have failed to change the public perception of telecommunications development proposals. The 2002 code of best practice on the siting of mobile phone masts, the revised PPG8 and amendments to the General Permitted Development Order 1995 and the Federation of the Electronics Industry's 'ten commitments' have all strived to improve public consultation. However, public mistrust remains because government has failed to address health and safety concerns and this mistrust often impacts on the decisions of planning committees. Argues that the code of best practice provides useful siting and design guidance for operators and it is now up to government to secure public support for the telecommunications industry. | ||
| 590 | _aABS | ||
| 650 | _aPPG8 | ||
| 650 | _aCONSULTATION | ||
| 650 | _aOPERATORS | ||
| 650 | _aBASE STATIONS | ||
| 650 |
_aHEALTH AND SAFETY _96244 |
||
| 650 | _aMOBILE PHONE MASTS | ||
| 650 | _aTELECOMMUNICATIONS DEVELOPMENT | ||
| 690 | _aENVIRONMENTAL AND LAND CONSULTANCY-PLANNING AND DEVELOPMENT | ||
| 856 | 4 | 0 |
_uhttps://www.communities.gov.uk/documents/planningandbuilding/pdf/codemobilenetwork.pdf _zView the code of practice free of charge at www.communities.gov.uk |
| 942 | _n0 | ||
| 999 |
_c73042 _d73042 |
||